| 000 | 01794cad a22002655a 4500 | ||
|---|---|---|---|
| 001 | L160200 | ||
| 008 | 181204s2018 xxk 000 0 eng d | ||
| 020 | _a9781842196809 | ||
| 020 | _a9781783214952 | ||
| 035 | _a(Sirsi) u160200 | ||
| 041 | 0 | _aeng | |
| 110 | 2 |
_aRoyal Institution of Chartered Surveyors _94900 |
|
| 245 | 0 | 0 |
_aSurveying safely: _bhealth and safely prinicples for property professionals _h[electronic resource] |
| 260 |
_aLondon _bRICS _c2018 |
||
| 490 | _aRICS Professional Standard | ||
| 490 | _aRICS Guidance Note | ||
| 520 | _aThis guidance note sets out basic, good practice principles for the management of health and safety for RICS-regulated firms and RICS members. It sets out principles for those engaged in the built environment as property professionals and includes health and safety responsibilities both at a corporate level (whether the RICS-regulated firm is large or small) and at the level of the individual RICS member. It covers property-related businesses and identifies the moral, ethical and practical issues that confront RICS-regulated firms and RICS members everywhere, in all the work that they undertake. | ||
| 520 | _aSupersedes 1st ed d ISBN 9781842196809 effective from February 2019 | ||
| 520 | _aThis document was originally published as Surveying safely: health and safety principles for property professionals in November 2018 as an RICS guidance note and was reissued in July 2023 as an RICS professional standard with a new ISBN 9781783214952 | ||
| 590 | _aKA | ||
| 651 | 4 | _aUnited Kingdom | |
| 690 |
_aHealth and safety _96244 |
||
| 856 | 4 | 1 |
_uhttps://www.rics.org/profession-standards/rics-standards-and-guidance/sector-standards/building-surveying-standards/surveying-safely _zAvailable free on RICS.org |
| 942 |
_n0 _2ddc |
||
| 999 |
_c116273 _d116273 |
||